000
00324 a2200157 4500
001
68132
020
_a
9783126767507
040
_c
Anchieta - Pituba
100
_a
Kramzar, Dejan
240
1
0
_a
Maximal B1
_l
deu / ger
245
1
0
_a
Maximal B1
300
_a
174
362
0
_a
2019
650
4
_a
Língua alemã
942
_c
BK
999
_c
68132
_d
68132